A PRACTICAL MANUAL OF PUBLIC HEALTH DENTISTRY (Record no. 9542)

MARC details
000 -LEADER
fixed length control field 00323nam a22001337a 4500
082 ## - DEWEY DECIMAL CLASSIFICATION NUMBER
Classification number 617.601,P12M
100 ## - MAIN ENTRY--PERSONAL NAME
Personal name MARYA,C.M
245 ## - TITLE STATEMENT
Title A PRACTICAL MANUAL OF PUBLIC HEALTH DENTISTRY
250 ## - EDITION STATEMENT
Edition statement 1ST
260 ## - PUBLICATION, DISTRIBUTION, ETC. (IMPRINT)
Place of publication, distribution, etc DELHI
Name of publisher, distributor, etc JAYPEE BROTHERS
Year of Publication 2012
300 ## - PAGE DESCRIPTION
No. of Pages 248
650 ## - SUBJECT ADDED ENTRY--TOPICAL TERM
Topical term or geographic name as entry element PUBLIC HEALTH DENTISTRY
942 ## - ADDED ENTRY ELEMENTS (KOHA)
Source of classification or shelving scheme Dewey Decimal Classification
Koha item type Books
942 ## - ADDED ENTRY ELEMENTS (KOHA)
-- 74
Holdings
Withdrawn status Lost status Source of classification or shelving scheme Damaged status Not for loan Home library Current library Date acquired Vendor Name Cost, normal purchase price SGTU Total Checkouts Full call number Accession No. (Barcode) Date last seen Date last borrowed Bill Date Koha item type
    Dewey Decimal Classification     SGT Dental Library SGT Dental Library 15/07/2016 ABC 0.00 SGTU 52 617.601,P12M FD7318 19/01/2026 08/01/2026 15/07/2016 Books
    Dewey Decimal Classification     SGT Dental Library SGT Dental Library 15/07/2016 ABC 0.00 SGTU 65 617.601,P12M FD7319 17/06/2025 17/06/2025 15/07/2016 Books
    Dewey Decimal Classification     SGT Dental Library SGT Dental Library 15/07/2016 ABC 0.00 SGTU 49 617.601,P12M FD7320 19/04/2023 19/04/2023 15/07/2016 Books